| 000 | 01406nam a22003017a 4500 | ||
|---|---|---|---|
| 001 | 9686 | ||
| 003 | FISKH | ||
| 005 | 20260129140832.0 | ||
| 008 | 260129b cb ||||| |||| 00| 0 eng d | ||
| 020 | _a9780439389150 | ||
| 040 |
_aFISKH _beng _cFISKH _dFISKH |
||
| 050 | _aQA113 .P342 | ||
| 082 | _a513.2 | ||
| 100 | _aPallotta , Jerry | ||
| 245 |
_aCount to a million / _cby Jerry Pallotta : Illustrated by Rob Bolster |
||
| 250 | _aFirst printing , January 2003 | ||
| 260 |
_aNew York : _bScholastic , _c2003. |
||
| 300 |
_a32 unnumbered pages : _bcolor illustrations ; _c23 x 27 cm . |
||
| 505 | _aN | ||
| 520 | _aThis inventive new counting book by well-known author Jerry Pallotta will dazzle the imaginations of young readers while strengthening math skills and building confidence. This book begins, "If you can count to ten, you can count to one million." Although some may have their doubts, by using basic math grouping skills readers will find themselves counting higher than they ever thought possible. COUNT TO A MILLION will inspire even the most reluctant math student, building confidence and showing that math can, in fact, be fun. | ||
| 521 | 8 |
_a570
_bLexile AD |
|
| 521 | 8 |
_aN
_bRaz-Plus |
|
| 650 |
_aCounting _vPicture Books |
||
| 650 |
_aPlace value _vPicture Books |
||
| 700 |
_aBolster , Rob _eIllustrator |
||
| 942 |
_2ddc _cBK _n0 |
||
| 999 |
_c9686 _d9686 |
||